000 00826nam a2200241 i 4500
001 C2-0244746
003 PPAK
005 20180727205932.0
008 030116s xx |||| ||||| | may d
040 _aPPAK
_beng
_cPPAK
_erda
082 0 4 _a959.5112
_223
090 0 0 _a959.5112
_bWAN
_dKK
090 0 0 _a959.5112
_bWAN
_dKMI
100 0 _aWan Shamsudin bin Mohd Yusof,
_cDato'
_eauthor
245 1 0 _aSejarah dan perkembangan Kota Kuala Kedah :
_bmenurut kronologi zaman pemerintahan Sultan-sultan Kedah Darul Aman
264 1 _a[place of publication not identified] :
_b[publisher not identified] ,
_c[date of publication not identified]
300 _a43 pages ;
_c30 cm
336 _2rdacontent
_atext
337 _2rdamedia
_aunmediated
338 _2rdacarrier
_avolume
650 1 0 _aKedah - History.
942 _ddc
_cB
999 _c58936
_d58936